Dzielnice Bydgoszczy - Statystyki

Ogólne statystyki
  • Ten quiz został rozwiązany 1 101 razy
  • Średni wynik to 17 z 41
Statystyki odpowiedzi
Odpowiedź % Poprawnych
Fordon
94%
Bartodzieje
78%
Szwederowo
77%
Błonie
75%
Wyżyny
69%
Kapuściska
66%
Glinki
65%
Osowa Góra
64%
Bielawy
60%
Leśne
59%
Bocianowo
55%
Miedzyń
55%
Czyżkowko
52%
Wilczak
51%
Wzgórze Wolności
49%
Łęgnowo
48%
Górzyskowo
47%
Myślęcinek
47%
Okole
46%
Piaski
43%
Brdyujście
39%
Zawisza
39%
Jary
38%
Smukała
37%
Babia Wieś
34%
Flisy
33%
Skrzetusko
33%
Prądy
31%
Las Gdański
30%
Jachcice
29%
Opławiec
26%
Biedaszkowo
25%
Zimne Wody
23%
Bydgoszcz Wschód
21%
Lotnisko
20%
Czersko Polskie
19%
Rynkowo
18%
Janowo
12%
Wypaleniska
12%
Bielice
11%
Sierniczek
11%
Nie znaleziono quizów pasujących do podanych kryteriów
Rozkład punktacji
Procent ludzi z każdym wynikiem
Percentyl według liczby udzielonych odpowiedzi
Twoja historia wyników
Nie rozwiązałeś tego quizu